Biblia Divi Thomae complectens omnes sacrae paginae memorabiles, admirabilesve quaestiones, quae in sancti Doctoris summa sparsim reconditae inveniuntur, modo scholastico in formam redactas tomus primus [-secundus] / per Fr. Raymundum Costa barcinonensem, Ordinis Praedicatorum, magistrum theologiae, regentem studiorum insignium, Coenobii Sanctae Catharinae Virginis, et martyris, ac in Academia Barcinonensi theologiae moderatorem ; Reverendissimo P. M. Fr. Ioannis Thomae de Rocaberti, totius praedicatoriae familiae magistro generali, huius aeditionis in publicam utilitatem, supppetias ferenti

Detalles Bibliográficos
Autor principal: Costa, Raimundo, O. P.
Otros Autores: Rocaberti Perolada, Juan Tomás de, O. P., 1627-1699, Andreu, Jacinto, fl. 1671-1684, imp y librero
Formato: Libro
Lenguaje:Latin
Publicado: Barcinone : ex tipographia Hyacinthi Andreu, in vico Sancti Dominici, venundatur in aedibus eiusdem Hyacinthi Andreu & in coenobio S. Catharinae, V. et M., 1676.
Materias:
Colección:Banco de datos
Acervo:Universidad Autónoma Benito Juárez de Oaxaca. Biblioteca Francisco de Burgoa. Colección antigua
Descripción Física:2 t. ; f°
Tema general:Teología dogmatica
Notas:Portada tipográfica a dos tintas con escudo en grabado calcográfico y pleca en grabado xilográfico. Texto a dos columnas con paginación en números arábigos, reclamos y signaturas. Incluye cabecera de título con motivos florales en grabado xilográfico. Incluye capitular con motivos florales en grabado xilográfico. Tomo con portada y numeración propias. Año del t. 1 publicado en 1676. Paginación: t. 1 [22] h., 548 p., [35] h. Encuadernación en pergamino. Marca de fuego: Casa del Noviciado de la Compañía de Jesús de Oaxaca, Oax. Marca de fuego: Convento de Santo Domingo de Oaxaca, Oax.
LEADER 02457nam a22002410004500
035 |a 482 
041 0 |a lat 
100 1 |a Costa, Raimundo, O. P. 
245 1 0 |a Biblia Divi Thomae complectens omnes sacrae paginae memorabiles, admirabilesve quaestiones, quae in sancti Doctoris summa sparsim reconditae inveniuntur, modo scholastico in formam redactas tomus primus [-secundus] / per Fr. Raymundum Costa barcinonensem, Ordinis Praedicatorum, magistrum theologiae, regentem studiorum insignium, Coenobii Sanctae Catharinae Virginis, et martyris, ac in Academia Barcinonensi theologiae moderatorem ; Reverendissimo P. M. Fr. Ioannis Thomae de Rocaberti, totius praedicatoriae familiae magistro generali, huius aeditionis in publicam utilitatem, supppetias ferenti  
260 |a Barcinone : ex tipographia Hyacinthi Andreu, in vico Sancti Dominici, venundatur in aedibus eiusdem Hyacinthi Andreu & in coenobio S. Catharinae, V. et M., 1676. 
300 |a 2 t. ; f° 
500 |a Portada tipográfica a dos tintas con escudo en grabado calcográfico y pleca en grabado xilográfico. Texto a dos columnas con paginación en números arábigos, reclamos y signaturas. Incluye cabecera de título con motivos florales en grabado xilográfico. Incluye capitular con motivos florales en grabado xilográfico. Tomo con portada y numeración propias. Año del t. 1 publicado en 1676. Paginación: t. 1 [22] h., 548 p., [35] h. Encuadernación en pergamino. Marca de fuego: Casa del Noviciado de la Compañía de Jesús de Oaxaca, Oax. Marca de fuego: Convento de Santo Domingo de Oaxaca, Oax. 
504 |a Al principio del t. 1 están el índice de las principales cosas y sentencias y la fe de erratas  
504 |a Al final del t. 1 está el índice de los capítulos, cuestiones y artículos y breve epilogatio 
505 0 0 |a t. 1 Commentaria in Genesim & Exodum, opus scholasticis, moralibus, & mysticis, & verbi Dei praeconibus, utile, imò necessarium 
600 1 4 |a Tomás de Aquino, santo, 1225-1274. Summa theologica 
650 1 0 |a Teología dogmatica 
700 1 |a Rocaberti Perolada, Juan Tomás de, O. P., 1627-1699 
700 1 |a Andreu, Jacinto, fl. 1671-1684, imp y librero 
852 |a Universidad Autónoma "Benito Juárez" de Oaxaca, Biblioteca Francisco de Burgoa, Colección antigua t. 1 (1604) 
942 |c BURANT 
943 |g Universidad Autónoma Benito Juárez de Oaxaca. Biblioteca Francisco de Burgoa. Colección antigua 
999 |c 1111493  |d 1111493